Μικρά Ασία, Πόντος, Θράκη

Saved in:
Bibliographic Details
Corporate Authors: Σύλλογος των Φοιτησάντων εις την Ευαγγελικήν Σχολήν Σμύρνης, Επιτροπή Πεντηκονταετηρίδος από της Μικρασιατικής Καταστροφής 1922-1972
Format: Book
Language:Greek
Published: Αθήνα : 1972
Subjects:
Tags: Add Tag
No Tags, Be the first to tag this record!

MARC

LEADER 00000cam a2200000 i 4500
001 1/99493
008 950331s1972 gre d
035 |l 10011326 
040 |a GR-MY-UA  |b gre  |e aacr 
041 0 |a gre 
082 0 |a 938.498 
110 2 |a Σύλλογος των Φοιτησάντων εις την Ευαγγελικήν Σχολήν Σμύρνης. 
245 1 0 |a Μικρά Ασία, Πόντος, Θράκη /   |c Σύλλογος των φοιτησάντων εις την ευαγγελικήν σχολήν Σμύρνης, Επιτροπή πεντηκονταετηρίδος από της Μικρασιατικής καταστροφής 1922-1972. 
260 |a Αθήνα :   |c 1972 
300 |a 79 σ. 
651 0 |a Turkey  |x History. 
651 0 |a Pontus  |x History. 
651 0 |a Thrace  |x History. 
710 2 |a Επιτροπή Πεντηκονταετηρίδος από της Μικρασιατικής Καταστροφής 1922-1972. 
852 |a INST  |b LESVOS  |e 19950331  |h 938.498 ΣΥΛ  |p 005100001905  |q 005100001905  |t BK  |y 0 
970 |z 2000/06/ΟΙΚΟΝΟΜΟΠΟΥΛΟΥ ΧΡΙΣΤΙΝΑ